Životní cyklus zaměstnance z pohledu personalisty

Zákonné náležitosti spojené s nástupom nového pracovníka až po ukončenie pracovného pomeru. Predzmluvná povinnosť. Zdravotná spôsobilosť. Výpis z registra trestov. Osobné údaje zamestnanca. Pracovná zmluva. Mzdový výmer. Popis pracovného miesta - pracovná náplň. Školenie BOZP. Porušenie pracovnej di...

Description complète

Enregistré dans:
Détails bibliographiques
Auteur principal: Bartovská, Ilona
Format: Chapitre de livre
Langue:tchèque
Sujets:
Tags: Ajouter un tag
Pas de tags, Soyez le premier à ajouter un tag!

MARC

LEADER 00000naa a2200000 4500
001 0229606
005 20170426144145.2
041 0 |a cze 
044 |a CZ 
245 1 0 |a Životní cyklus zaměstnance z pohledu personalisty  |c Ilona Bartovská 
520 |a Zákonné náležitosti spojené s nástupom nového pracovníka až po ukončenie pracovného pomeru. Predzmluvná povinnosť. Zdravotná spôsobilosť. Výpis z registra trestov. Osobné údaje zamestnanca. Pracovná zmluva. Mzdový výmer. Popis pracovného miesta - pracovná náplň. Školenie BOZP. Porušenie pracovnej disciplíny. Ukončenie pracovného pomeru. Zápočtový list. Odstupné pri skončení pracovného pomeru. 
610 2 0 |a pomer pracovný 
610 2 0 |a zmluvy pracovné 
610 2 0 |a zákonník práce 
610 2 0 |a ochrana údajov osobných 
610 2 0 |a skončenie pomeru pracovného 
610 2 0 |a odstupné 
610 2 0 |a Česko 
100 1 |a Bartovská, Ilona